NFL Draft 1999 Quarterbacks Drafted - Statistics

General Stats
  • This quiz has been taken 7 times
  • The average score is 5 of 13
Answer Stats
Round Player Team College % Correct
1 Donovan McNabb Eagles Syracuse
100%
1 Tim Couch Browns Kentucky
100%
1 Akili Smith Bengals Oregon
67%
1 Daunte Culpepper Vikings Central Florida
67%
1 Cade McNown Bears UCLA
33%
2 Shaun King Buccaneers Tulane
33%
4 Aaron Brooks Packers Virginia
17%
3 Brock Huard Seahawks Washington
17%
7 Chris Greisen Cardinals Northwest Missouri State
17%
4 Joe Germaine Rams Ohio State
17%
5 Kevin Daft Oilers California-Davis
17%
7 Michael Bishop Patriots Kansas State
17%
7 Scott Covington Bengals Miami (FL)
17%
No matching quizzes found
Score Distribution
Percent of People with Each Score
Percentile by Number Answered
Your Score History
You have not taken this quiz